000
00290 a2200097 4500
020
_a
9789364870153
100
_a
Ashokan Charuvil
245
_a
Fascisathinethire oru natakam(ഫാസിസത്തിനെതിരെ ഒരു നാടകം)
260
_b
D C books
_c
2025
942
_c
OO
999
_c
115328
_d
115327